500 Selected sermons; vol. 10. (Record no. 15618)

000 -LEADER
fixed length control field 00634nam a2200193 a 4500
001 - CONTROL NUMBER
control field :::00014478$&:&@@
003 - CONTROL NUMBER IDENTIFIER
control field OkBaRHE
005 - DATE AND TIME OF LATEST TRANSACTION
control field 20000830170153.0
008 - FIXED-LENGTH DATA ELEMENTS--GENERAL INFORMATION
fixed length control field s1978 j 000 0 eng u
040 ## - CATALOGING SOURCE
Transcribing agency
100 1# - MAIN ENTRY--PERSONAL NAME
Personal name Talmage, T. De Witt (Thomas De Witt), 1832-1902.
245 10 - TITLE STATEMENT
Title 500 Selected sermons; vol. 10.
260 ## - PUBLICATION, DISTRIBUTION, ETC. (IMPRINT)
Place of publication, distribution, etc Grand Rapids, MI., :
Name of publisher, distributor, etc Baker Book House
Date of publication, distribution, etc 1978
300 ## - PHYSICAL DESCRIPTION
Extent v. (1-10) : illus. ;
Dimensions 22 cm.
650 ## - SUBJECT ADDED ENTRY--TOPICAL TERM
Topical term or geographic name as entry element Presbyterian Church
General subdivision Sermons
650 ## - SUBJECT ADDED ENTRY--TOPICAL TERM
Topical term or geographic name as entry element Sermons, American
942 ## - ADDED ENTRY ELEMENTS (KOHA)
Source of classification or shelving scheme
Koha item type Books
Copies
Koha item type Date last seen Lost status Shelving location Source of classification or shelving scheme Date acquired Withdrawn status Barcode Not for loan Price effective from Permanent Location Full call number Copy number Damaged status
Books2010-04-14 General Stacks 2010-04-14 14478 2010-04-14RHEMA Bible Training CollegeBX 9178 .T3F51